Habitar las ruinas / (Record no. 1147)

MARC details
000 -LEADER
campo de control de longitud fija 00547nam a22001817a 4500
008 - DATOS DE LONGITUD FIJA--INFORMACIÓN GENERAL
campo de control de longitud fija 170215s2016 gt||||| |||| 00| 0 spa d
082 04 - NÚMERO DE LA CLASIFICACIÓN DECIMAL DEWEY
Número de clasificación 861
Número de ítem M698h
100 1# - ENTRADA PRINCIPAL--NOMBRE DE PERSONA
Nombre de persona Moho.
9 (RLIN) 5716
245 10 - MENCIÓN DEL TÍTULO
Título Habitar las ruinas /
Mención de responsabilidad, etc. Moho ; traducción por Gavilán Gallinero.
246 01 - FORMA VARIANTE DEL TITULO
Título propio/Titulo breve Bewohnen die ruinen.
250 ## - MENCION DE EDICION
Mención de edición 1a ed.
260 ## - PUBLICACIÓN, DISTRIBUCIÓN, ETC.
Lugar de publicación, distribución, etc. Guatemala :
Nombre del editor, distribuidor, etc. Ediciones Bizarras,
Fecha de publicación, distribución, etc. [2016].
300 ## - DESCRIPCIÓN FÍSICA
Extensión 40 p.
653 10 - TÉRMINO DE INDIZACIÓN--NO CONTROLADO
Término no controlado Literatura
653 10 - TÉRMINO DE INDIZACIÓN--NO CONTROLADO
Término no controlado Poesía - Guatemala
653 10 - TÉRMINO DE INDIZACIÓN--NO CONTROLADO
Término no controlado Literatura Latinoamericana
700 1# - ENTRADA AGREGADA--NOMBRE PERSONAL
Nombre de persona Gallinero, Gavilán.
Término indicativo de función/relación traductora.
9 (RLIN) 5730
Holdings
Estatus retirado Estado de pérdida Fuente del sistema de clasificación o colocación Estado de daño No para préstamo Biblioteca de origen Biblioteca actual Ubicación en estantería Fecha de adquisición Total de préstamos Signatura topográfica completa Código de barras Visto por última vez Precio de reemplazo Tipo de ítem Koha
    Clasificación Decimal Dewey     Biblioteca LadoV Biblioteca LadoV   15/02/2017   861 M698h 004279 15/02/2017 15/02/2017 Material 01